Danh ngôn thế giới

Uloženo v:
Podrobná bibliografie
Médium: Kniha
Jazyk:Undetermined
Vydáno: Hà Nội Văn hóa Thông tin 2005
Témata:
Tagy: Přidat tag
Žádné tagy, Buďte první, kdo otaguje tento záznam!
Thư viện lưu trữ: Trung tâm Học liệu Trường Đại học Cần Thơ
LEADER 00497nam a2200181Ia 4500
001 CTU_94027
008 210402s9999 xx 000 0 und d
020 |c 56000 
082 |a 398.9 
082 |b D107 
245 0 |a Danh ngôn thế giới 
245 0 |c Bằng Giang, Xuân Tước tuyển chọn 
260 |a Hà Nội 
260 |b Văn hóa Thông tin 
260 |c 2005 
650 |a Proverbs 
904 |i Minh 
980 |a Trung tâm Học liệu Trường Đại học Cần Thơ